000 01277cam a22003497a 4500
003 CHAP
005 20220329141142.0
008 971010s1968 r 00010 d
010 _a63493
011 _a64465
035 _a69800
040 _cCHAP
082 0 4 _a917.2
_bT3 1968
100 0 0 _aTamayo, Jorge L.
_9111549
245 1 0 _aGeografía moderna de México
250 _a5 ed.
260 _aMéxico, D. F. :
_bTrillas,
_c1968
300 _a382 p.
_b: ilus
590 _aBATCH-UPD
_b10
_c20130110
_lUCH01
_h1932
590 _aBATCH-UPD
_b10
_c20130410
_lUCH01
_h1257
590 _aBATCH-UPD
_b10
_c20130914
_lUCH01
_h1827
590 _aCONVERSION
_b10
_c20130109
_lUCH01
_h1334
650 1 4 _aMéxico
_xGeografía.
_976748
901 _aBK
942 _cLIBRO
949 _a917.2 T3 1968
_bBC
_cLIBRO
_d33724000128260
_eLIBRO
_fc.2
_h11535
_i69800
_si
949 _a917.2 T3 1968
_bBC
_cLIBRO
_d33724000128286
_eLIBRO
_fc.6
_h11539
_i69800
_si
949 _a917.2 T3 1968
_bBC
_cLIBRO
_d33724000128302
_eLIBRO
_fc.21
_h11554
_i69800
_si
949 _a917.2 T3 1968
_bBC
_cLIBRO
_d33724000602595
_eLIBRO
_fc.7
_h11540
_i69800
_si
949 _a917.2 T3 1968
_bBC
_cLIBRO
_d33724000831764
_eLIBRO
_fc.4
_h11537
_i69800
_si
949 _a917.2 T3 1968
_bBC
_cLIBRO
_d33724000925426
_eLIBRO
_fc.15
_h11548
_i69800
_si
999 _c63493
_d63493